000
00202nam a2200097Ia 4500
008
190216s9999||||xx |||||||||||||| ||und||
100
_a
Maxim Gorky
245
4
_a
The Three
260
_b
Null
942
_c
BK
999
_c
12173
_d
12173